000 00611nam a2200241Ia 4500
003 OSt
005 20221005130223.0
006 a|||||r|||| 00| 0
007 ta
008 221004b |||||||| |||| 00| 0 kan d
024 _a59809
037 _cTextual
040 _aCRL
_cCRL
_bkan
041 _2kan
_akan
082 _aO33,1N041,1:g, J4
100 _aJaveregoda Ed.
_9637779
245 0 _aRamayan darshanan
260 _c1954
650 _a KANNAD POETRY
650 _aKANNAD LITERATURE
942 _hO33,1N041,1:g, J4
_cTEXL
_2cc
999 _c1056467
_d1056467